Eastern Med; (Record no. 552828)

000 -LEADER
fixed length control field 00478cam a2200157u 4500
082 ## - DEWEY DECIMAL CLASSIFICATION NUMBER
Classification number 940.54
Author Mark HUR
100 1# - MAIN ENTRY--PERSONAL NAME
Personal name Hurren, B. J.
9 (RLIN) 49084
245 10 - TITLE STATEMENT
Title Eastern Med;
Remainder of title a personal narrative,
260 ## - PUBLICATION, DISTRIBUTION, ETC.
Place of publication, distribution, etc. London,
Name of publisher, distributor, etc. F. Muller ltd.
Date of publication, distribution, etc. [1943]
300 ## - PHYSICAL DESCRIPTION
Extent 160 p.
Dimensions 19 cm.
526 ## - STUDY PROGRAM INFORMATION NOTE
Program name 0
Interest level 0
Reading level 0
Title point value 940_540000000000000_HUR
650 #0 - SUBJECT ADDED ENTRY--TOPICAL TERM
Topical term or geographic name entry element MCE
9 (RLIN) 379
650 #0 - SUBJECT ADDED ENTRY--TOPICAL TERM
Topical term or geographic name entry element World War, 1939-1945
9 (RLIN) 28174
650 #0 - SUBJECT ADDED ENTRY--TOPICAL TERM
Topical term or geographic name entry element World War, 1939-1945
General subdivision Mediterranean Sea. [from old catalog]
9 (RLIN) 50073
942 ## - ADDED ENTRY ELEMENTS (KOHA)
Source of classification or shelving scheme
Koha item type Book
Holdings
Withdrawn status Lost status Source of classification or shelving scheme Damaged status Not for loan Permanent Location Current Location Shelving location Date acquired Total Checkouts Full call number Barcode Date last seen Price effective from Koha item type
          Military College of Engineering (MCE) Military College of Engineering (MCE)   01/23/2015   940.54 HUR MCE-ECE/28 01/23/2015 01/23/2015 Book
© 2023 Central Library, National University of Sciences and Technology. All Rights Reserved.